00343nam a2200121Ia 4500008004100000020001500041041001200056100001600068245008700084260002800171300000900199650001300208221030s9999 xx 000 0 und d a8188458937 aEnglish aJ. B. Gupta 2aA Course In Electrical & Electronic Measurements & Instrumentationcby J. B. Gupta bKatsonaNew Delhic2015 a1290 aECE & EE